000 01238nam a22003497a 4500
003 CHAP
005 20220329143755.0
008 110804s2003 enka r 00010 eng d
010 _a101726
011 _a102698
020 _a1 85573 673 X
035 _a113387
040 _cCHAP
082 0 4 _a664.07
_bT31
245 0 0 _aTexture in food
_c/editado por Brian M. McKenna
260 _aCambridge, Eng. :
_bWoodhead Pub,
_c2003-
300 _av. :
_bilus., gráfs., tablas
_cc
490 0 _aWoodhead publishing in food science and technology
500 _aLa biblioteca tiene : v.1 Semi - solid foods
590 _aBATCH-UPD
_b10
_c20130110
_lUCH01
_h1151
590 _aBATCH-UPD
_b10
_c20130410
_lUCH01
_h0735
590 _aBATCH-UPD
_b10
_c20130914
_lUCH01
_h0224
590 _aCONVERSION
_b10
_c20130109
_lUCH01
_h1356
650 1 4 _aAlimentos
_xAnálisis.
_94164
650 1 4 _aAlimentos
_xPropiedades organolepticas.
_94270
650 1 4 _aAnalisis de organolepticas.
_95970
700 1 _aMcKenna, Brian M.
_e, ed.
_973636
830 0 _aWoodhead publishing in food science and technology
_9122554
901 _aBK
942 _cLIBRO
949 _a664.07 T31
_bBC
_cLIBRO
_d33724002246421
_eLIBRO
_fv.1
_gI. 258504
_h115494
_i113387
_si
_t$3,582.11
999 _c101726
_d101726